000 00908cam a2200265 4500
999 _c533149
_d533149
001 1726593
005 20191212200752.0
008 711115s1971 nyua b 001 0 eng
010 _a 73150779
020 _a0070379599
040 _aDLC
_cDLC
_dDLC
082 0 0 _a627
_bLIN
100 1 _aLinsley, Ray K.
_92147
240 1 0 _aElements of hydraulic engineering
245 1 0 _aWater-resources engineering
_c[by] Ray K. Linsley [and] Joseph B. Franzini.
250 _a2d ed.
260 _aNew York,
_bMcGraw-Hill
_c[1971, c1972]
300 _axi, 690 p.
_billus.
_c24 cm.
490 0 _aMcGraw-Hill series in water resources and environmental engineering
500 _aOriginally published in 1955 under title: Elements of hydraulic engineering.
504 _aIncludes bibliographies.
650 0 _aHydraulic engineering.
_93526
650 0 _aWater resources development.
_926892
942 _2ddc
_cBK